000 00246nmm a2200085Ia 4500
008 220120s9999||||xx |||||||||||||||||und||
100 _aLFY
_910674
245 0 _aAugust 2010 : integrated development environment, netbeans I
260 _aEFY enterprises
999 _c139625
_d139625